Regional focus (Record no. 76398)

MARC details
000 -LEADER
fixed length control field 00731cab a2200181 4500
001 - CONTROL NUMBER
control field ##L132320
008 - FIXED-LENGTH DATA ELEMENTS--GENERAL INFORMATION
fixed length control field 060126n2006 000 0 eng u
035 ## - SYSTEM CONTROL NUMBER
System control number (Sirsi) u132320
041 0# - LANGUAGE CODE
Language code of text/sound track or separate title eng
100 1# - MAIN ENTRY--PERSONAL NAME
Personal name Taylor, Christina
245 00 - TITLE STATEMENT
Title Regional focus
Remainder of title London
260 ## - PUBLICATION, DISTRIBUTION, ETC.
Date of publication, distribution, etc. 2006
490 #0 - SERIES STATEMENT
Series statement QS Week
Volume/sequential designation (36) 18 January 2006, 12-13(2)
520 ## - SUMMARY, ETC.
Summary, etc. Looks at the construction market in London. Highlights fears that work in connection with the 2012 Olympics may lead to a skills shortage. Examines infrastructure, housing, commercial and public sector projects. Tables for regional contracts league and construction output for London.
590 ## - LOCAL NOTE (RLIN)
Local note IKA310106
690 ## - LOCAL SUBJECT ADDED ENTRY--TOPICAL TERM (OCLC, RLIN)
Topical term or geographic name as entry element BUILT ENVIRONMENT-CONSTRUCTION MARKET
942 ## - ADDED ENTRY ELEMENTS (KOHA)
Suppress in OPAC 0
Holdings
Withdrawn status Lost status Source of classification or shelving scheme Damaged status Not for loan Home library Current library Shelving location Date acquired Total Checkouts Full call number Barcode Date last seen Copy number Price effective from Koha item type
    Dewey Decimal Classification     London London Journal article 26/01/2006   L132320 132320-1001 06/08/2019 1 06/08/2019 Journal article